Escuela de amor / (Record no. 185738)

MARC details
000 -LEADER
campo de control de longitud fija 00619nam a2200193 i 4500
001 - NÚMERO DE CONTROL
campo de control 185738
003 - IDENTIFICADOR DE NÚMERO DE CONTROL
campo de control ES-MaACL
005 - FECHA Y HORA DE LA ÚLTIMA TRANSACCIÓN
campo de control 20250829040707.0
008 - DATOS DE LONGITUD FIJA--INFORMACIÓN GENERAL
campo de control de longitud fija 160805s1952 sp |||| | spa d
100 0# - ENTRADA PRINCIPAL--NOMBRE DE PERSONA
Nombre de persona Manning, Olivia.
9 (RLIN) 76069
245 10 - MENCIÓN DEL TÍTULO
Título Escuela de amor /
Mención de responsabilidad, etc. Olivia Manning ; [Traducción directa del inglés por Luis Solano].
260 ## - PUBLICACIÓN, DISTRIBUCIÓN, ETC.
Lugar de publicación, distribución, etc. Barcelona :
Nombre del editor, distribuidor, etc. A.H.R.,
Fecha de publicación, distribución, etc. [1952]
300 ## - DESCRIPCIÓN FÍSICA
Extensión 295 p. ;
Dimensiones 19 cm.
490 1# - MENCIÓN DE SERIE
Mención de serie Colección Grandes novelistas
700 1# - ENTRADA AGREGADA--NOMBRE PERSONAL
Nombre de persona Solano, Luis.
9 (RLIN) 160342
830 00 - PUNTO DE ACCESO ADICIONAL DE SERIE-TÍTULO UNIFORME
Título uniforme Colección grandes novelistas
9 (RLIN) 220701
852 ## - LOCALIZACIÓN
Ubicación ES-MaACL
Número de control de estantería C-6346
Holdings
Estatus retirado Estado de pérdida Estado de daño No para préstamo Biblioteca de origen Biblioteca actual Ubicación en estantería Fecha de adquisición Fuente de adquisición Total de préstamos Signatura topográfica completa Código de barras Visto por última vez Precio de reemplazo Tipo de ítem Koha
        Biblioteca del Ateneo de Madrid Biblioteca del Ateneo de Madrid Sala Palomar 05/08/2016     C-6346 1195791 23/02/2023 23/02/2023 Libro impreso